Publication de la Classe des beaux-arts. (Record no. 1832)
[ view plain ]
| 000 -LEADER | |
|---|---|
| fixed length control field | 01230cas a2200337 a 4500 |
| 001 - CONTROL NUMBER | |
| control field | data |
| 005 - DATE AND TIME OF LATEST TRANSACTION | |
| control field | 20260322212120.0 |
| 008 - FIXED-LENGTH DATA ELEMENTS--GENERAL INFORMATION | |
| fixed length control field | data |
| 010 ## - LIBRARY OF CONGRESS CONTROL NUMBER | |
| LC control number | 99107197 |
| 022 ## - INTERNATIONAL STANDARD SERIAL NUMBER | |
| International Standard Serial Number | 0775-3276 |
| 023 0# - CLUSTER ISSN | |
| Cluster ISSN | 0775-3276 |
| 029 1# - OTHER SYSTEM CONTROL NUMBER (OCLC) | |
| OCLC library identifier | AU@ |
| System control number | 000020082678 |
| 035 ## - SYSTEM CONTROL NUMBER | |
| System control number | (OCoLC)41223166 |
| 040 ## - CATALOGING SOURCE | |
| Original cataloging agency | DLC |
| Language of cataloging | eng |
| Transcribing agency | DLC |
| Modifying agency | OCLCQ |
| -- | HLS |
| -- | OCLCQ |
| -- | OCLCF |
| -- | OCLCO |
| -- | OCLCQ |
| 042 ## - AUTHENTICATION CODE | |
| Authentication code | pcc |
| 050 00 - LIBRARY OF CONGRESS CALL NUMBER | |
| Classification number | AS242 |
| Item number | .B3415 |
| 245 00 - TITLE STATEMENT | |
| Title | Publication de la Classe des beaux-arts. |
| Name of part/section of a work | Collection in-4o. |
| 246 30 - VARYING FORM OF TITLE | |
| Title proper/short title | Collection in-4o |
| 260 ## - PUBLICATION, DISTRIBUTION, ETC. | |
| Place of publication, distribution, etc. | Bruxelles : |
| Name of publisher, distributor, etc. | Académie Royale de Belgique, Classe des beaux-arts |
| 300 ## - PHYSICAL DESCRIPTION | |
| Extent | v. : |
| Other physical details | ill. ; |
| Dimensions | 29 cm. |
| 588 ## - SOURCE OF DESCRIPTION NOTE | |
| Source of description note | Description based on: 3. sér., t. 2, published in 1997. |
| 650 #0 - SUBJECT ADDED ENTRY--TOPICAL TERM | |
| Topical term or geographic name entry element | Arts. |
| 650 #7 - SUBJECT ADDED ENTRY--TOPICAL TERM | |
| Topical term or geographic name entry element | Arts. |
| Source of heading or term | fast |
| Authority record control number or standard number | (OCoLC)fst00817721 |
| 710 2# - ADDED ENTRY--CORPORATE NAME | |
| Corporate name or jurisdiction name as entry element | Académie royale des sciences, des lettres et des beaux-arts de Belgique. |
| Subordinate unit | Classe des beaux-arts. |
| 780 00 - PRECEDING ENTRY | |
| Title | Mémoires de la Classe des beaux-arts. Collection in-4o |
| Record control number | (OCoLC)13173688 |
| -- | (OCoLC)13173688 |
| 785 00 - SUCCEEDING ENTRY | |
| Title | Publication de la Classe des arts. Collection in-4o |
| 906 ## - LOCAL DATA ELEMENT F, LDF (RLIN) | |
| a | 7 |
| b | cbc |
| c | serials |
| d | u |
| e | ncip |
| f | 19 |
| g | n-oclcserc |
| 991 ## - | |
| -- | c-GenColl |
| -- | AS242 |
| -- | .B3415 |
| -- | SERIALS |
| Withdrawn status | Lost status | Damaged status | Not for loan | Home library | Current library | Shelving location | Date acquired | Total checkouts | Full call number | Barcode | Date last seen | Price effective from | Koha item type |
|---|---|---|---|---|---|---|---|---|---|---|---|---|---|
| Franklin | Franklin | General stacks | 22/03/2026 | AS242 | LOC-FRL-00068 | 22/03/2026 | 22/03/2026 | Books |